Match the character with their Hogwarts house Quiz Stats

Quiz not verified by Sporcle

Challenge
Share
Tweet
Embed
Score 0/30 Timer 02:00
0 Plays Today
Character R, G, H or S? % Correct
Ginny Weasley???
87.5%
Draco Malfoy???
87.2%
Fred Weasley???
86.9%
Minerva McGonagall???
86.9%
Harry Potter???
86.6%
Tom Riddle???
85.7%
Severus Snape???
85.7%
James Potter I???
85.4%
Arthur Weasley???
85.4%
Vincent Crabbe???
85.4%
Bellatrix Lestrange???
85.1%
Cedric Diggory???
83.6%
Remus Lupin???
82.7%
Rubeus Hagrid???
82.4%
Luna Lovegood???
82.1%
Character R, G, H or S? % Correct
Cho Chang???
81.3%
Pomona Sprout???
81%
Dolores Umbridge???
80.1%
Hannah Abott???
77.7%
Horace Slughorn???
77.1%
Filius Flitwick???
76.2%
Fat Friar???
71.7%
Nymphadora Tonks???
71.1%
Newt Scamander???
69.3%
Gilderoy Lockhart???
67%
Justin Finch-Fletchley???
66.4%
Myrtle Warren (Moaning Myrtle)???
66.1%
Rita Skeeter???
58.9%
Garrick Ollivander???
57.4%
Quirinus Quirrell???
54.2%

You're not logged in!

Compare scores with friends on all Sporcle quizzes.
Join for Free
OR
Log In

You Might Also Like...

Show Comments

Extras

Top Quizzes Today


Score Distribution

Your Account Isn't Verified!

In order to create a playlist on Sporcle, you need to verify the email address you used during registration. Go to your Sporcle Settings to finish the process.

Report this User

Report this user for behavior that violates our Community Guidelines.

Details: